[Event "ch-USA 2013"]
[Site "Saint Louis USA"]
[Date "2013.05.03"]
[Round "1"]
[White "Stripunsky, Alexander"]
[Black "Troff, Kayden W"]
[Result "0-1"]
[WhiteElo "2570"]
[BlackElo "2421"]
[PlyCount "128"]
[EventDate "2013.05.03"]

1. d4 Nf6 2. Nf3 g6 3. Bf4 Bg7 4. e3 O-O 5. Be2 d5 6. Nbd2 c5 7. c3 b6 8. Ne5
Nbd7 9. Nc6 Qe8 10. b4 Bb7 11. b5 a6 12. a4 a5 13. O-O Rc8 14. Rb1 Bxc6 15.
bxc6 Rxc6 16. Bb5 Rc8 17. Qf3 e5 18. Bg5 Qe6 19. Rfe1 cxd4 20. cxd4 Rc3 21. Qd1
Rfc8 22. Bh4 e4 23. h3 Bf8 24. Rb3 Rc2 25. Rb1 Bb4 26. Re2 Ne8 27. Bg3 R2c3 28.
Nf1 Nc7 29. Bxc7 R8xc7 30. Ra2 Nf6 31. Ng3 Qc8 32. Ne2 Rc2 33. Rxc2 Rxc2 34.
Rc1 Rxc1 35. Nxc1 Qc3 36. Ne2 Qb2 37. g4 h6 38. Kg2 Kf8 39. Qc1 Qxc1 40. Nxc1
Ne8 41. Nb3 Ke7 42. h4 Nd6 43. Bc6 Ke6 44. Nc1 g5 45. h5 f5 46. gxf5+ Nxf5 47.
Ne2 Ng7 48. f3 exf3+ 49. Kxf3 Nxh5 50. e4 dxe4+ 51. Bxe4 Nf6 52. Bc2 Bd6 53.
Bb3+ Ke7 54. Nc3 g4+ 55. Ke3 h5 56. Bc2 Ke6 57. Bg6 h4 58. Kf2 h3 59. Ne2 Bc7
60. Bd3 Kf7 61. Bf5 Kg7 62. Be6 Kg6 63. d5 Ne4+ 64. Kg1 h2+ 0-1

[Event "ch-USA 2013"]
[Site "Saint Louis USA"]
[Date "2013.05.03"]
[Round "1"]
[White "Arnold, Marc T"]
[Black "Gareev, Timur"]
[Result "0-1"]
[WhiteElo "2538"]
[BlackElo "2674"]
[PlyCount "46"]
[EventDate "2013.05.03"]

1. d4 Nf6 2. Nf3 e6 3. c4 b6 4. a3 Ba6 5. Qc2 Bb7 6. Nc3 c5 7. e4 cxd4 8. Nxd4
Nc6 9. Nxc6 Bxc6 10. Be2 Qb8 11. f4 e5 12. fxe5 Qxe5 13. O-O Nxe4 14. Kh1 Nxc3
15. bxc3 Bd6 16. Bf4 Qc5 17. Bxd6 Qxd6 18. Bd3 O-O-O 19. Rxf7 Rdf8 20. Rxf8+
Rxf8 21. Re1 Qxa3 22. h3 Qc5 23. Be4 Qe5 0-1

[Event "ch-USA 2013"]
[Site "Saint Louis USA"]
[Date "2013.05.03"]
[Round "1"]
[White "Sammour-Hasbun, Jorge E"]
[Black "Kaidanov, Gregory S"]
[Result "0-1"]
[WhiteElo "2463"]
[BlackElo "2593"]
[PlyCount "48"]
[EventDate "2013.05.03"]

1. e4 e5 2. Nf3 Nc6 3. Nc3 Nf6 4. d4 exd4 5. Nxd4 Bb4 6. Nxc6 bxc6 7. Bd3 O-O
8. O-O d5 9. exd5 cxd5 10. h3 Be6 11. Qf3 Rb8 12. Bf4 Bd6 13. b3 c5 14. Bxd6
Qxd6 15. Rad1 Qc7 16. Rfe1 Rfe8 17. Qg3 Qxg3 18. fxg3 Bd7 19. g4 h6 20. a4 Kf8
21. Bb5 Bxb5 22. Nxb5 Rxe1+ 23. Rxe1 a6 24. Nc7 Rc8 0-1

[Event "ch-USA 2013"]
[Site "Saint Louis USA"]
[Date "2013.05.04"]
[Round "2"]
[White "Kaidanov, Gregory S"]
[Black "Holt, Conrad"]
[Result "1/2-1/2"]
[WhiteElo "2593"]
[BlackElo "2513"]
[PlyCount "120"]
[EventDate "2013.05.03"]

1. c4 c6 2. Nf3 d5 3. g3 Nf6 4. Bg2 dxc4 5. O-O Nbd7 6. Na3 Nb6 7. Qc2 Be6 8.
Ne5 Qd4 9. Nxc6 bxc6 10. Bxc6+ Kd8 11. Bxa8 Nxa8 12. d3 cxd3 13. Rd1 dxc2 14.
Rxd4+ Bd7 15. Nxc2 e5 16. Rd1 Nb6 17. Be3 Kc7 18. Ne1 Nfd5 19. Rac1+ Kb7 20.
Bc5 Bxc5 21. Rxc5 Be6 22. Nd3 e4 23. Ne5 Ne7 24. Rd4 f6 25. Rxe4 Bd5 26. Rg4
fxe5 27. Rxg7 Re8 28. e4 Bg8 29. Rxe5 Nbc8 30. b3 Kc7 31. f4 Kd6 32. Kf2 Rf8
33. Ke3 Nc6 34. Rh5 N8e7 35. h4 Ke6 36. g4 Kf6 37. Rgg5 Rd8 38. Rc5 Kg7 39. Rc3
Rd1 40. Rg5+ Kf8 41. f5 Rd6 42. Rc5 h6 43. e5 Rd5 44. Rxg8+ Kxg8 45. Rxd5 Nxd5+
46. Kf3 Nc3 47. e6 Nxa2 48. g5 hxg5 49. hxg5 Nc3 50. Ke3 Kf8 51. Kd3 Nd5 52.
Kc4 Nc7 53. Kc5 Nb8 54. Kd6 Ne8+ 55. Kd5 Nc7+ 56. Kd6 Nb5+ 57. Kc5 Nc3 58. Kd6
Nb5+ 59. Kc5 Nc3 60. Kd6 Nb5+ 1/2-1/2

[Event "ch-USA 2013"]
[Site "Saint Louis USA"]
[Date "2013.05.04"]
[Round "2"]
[White "Ramirez, Alejandro"]
[Black "Ivanov, Alexander"]
[Result "1-0"]
[WhiteElo "2551"]
[BlackElo "2529"]
[PlyCount "67"]
[EventDate "2013.05.03"]

1. Nf3 Nf6 2. c4 b6 3. g3 c5 4. Bg2 Bb7 5. O-O Nc6 6. Nc3 g6 7. e3 Bg7 8. d4
O-O 9. d5 Na5 10. Qd3 e6 11. e4 exd5 12. exd5 d6 13. Bf4 Bc8 14. b3 Bf5 15. Qd2
Re8 16. Rae1 Qd7 17. Nh4 Nb7 18. Nb5 Nh5 19. Nxf5 Qxf5 20. Bxd6 Rxe1 21. Rxe1
Nxd6 22. Nxd6 Qd7 23. Nb5 a6 24. d6 Rd8 25. Re7 Qf5 26. Nc7 Nf6 27. Bd5 Nxd5
28. Nxd5 Bf8 29. d7 Qb1+ 30. Re1 Qf5 31. Re8 Rxd7 32. Qh6 Qb1+ 33. Kg2 Qe4+ 34.
Rxe4 1-0

[Event "ch-USA 2013"]
[Site "Saint Louis USA"]
[Date "2013.05.04"]
[Round "2"]
[White "Norowitz, Yaacov"]
[Black "Stripunsky, Alexander"]
[Result "1/2-1/2"]
[WhiteElo "2451"]
[BlackElo "2570"]
[PlyCount "95"]
[EventDate "2013.05.03"]

1. d4 d5 2. Nf3 c6 3. c4 e6 4. Qc2 Nf6 5. Bg5 Be7 6. e3 Nbd7 7. Nc3 O-O 8. a3
b6 9. cxd5 cxd5 10. Bd3 Bb7 11. O-O Rc8 12. Rac1 Ne4 13. Bxe7 Qxe7 14. Qb3 Qd6
15. Bxe4 dxe4 16. Nd2 Nf6 17. Nb5 Qb8 18. h3 Rfd8 19. a4 h5 20. Qa3 a6 21. Rxc8
Rxc8 22. Nd6 Rc7 23. N2c4 Rc6 24. a5 b5 25. Nxb7 Qxb7 26. Ne5 Rc8 27. Qd6 Nd5
28. h4 Kh7 29. Nd7 Qc6 30. Qxc6 Rxc6 31. Nb8 Rd6 32. Rc1 Nb4 33. Rc7 f5 34. b3
Kh6 35. Ra7 f4 36. exf4 Rxd4 37. Re7 Rd1+ 38. Kh2 Rd6 39. g3 Nc6 40. Nxc6 Rxc6
41. Rb7 Rc2 42. Rb6 Rxf2+ 43. Kh3 Kh7 44. Rxa6 Rb2 45. Rxe6 Rxb3 46. Rxe4 b4
47. Re5 g6 48. Rb5 1/2-1/2

[Event "ch-USA 2013"]
[Site "Saint Louis USA"]
[Date "2013.05.04"]
[Round "2"]
[White "Shabalov, Alexander"]
[Black "Sammour-Hasbun, Jorge E"]
[Result "1-0"]
[WhiteElo "2544"]
[BlackElo "2463"]
[PlyCount "63"]
[EventDate "2013.05.03"]

1. d4 d5 2. c4 c6 3. Nc3 Nf6 4. Nf3 e6 5. g3 Nbd7 6. Bg2 Be7 7. O-O O-O 8. Bf4
dxc4 9. e4 Re8 10. Qc2 b5 11. Rad1 Bb7 12. Rfe1 a6 13. h3 Qb6 14. g4 c5 15. d5
exd5 16. e5 d4 17. exf6 Nxf6 18. Nb1 Nd5 19. Bg3 Nb4 20. Qf5 g6 21. Qf4 Qf6 22.
Rxe7 Qxe7 23. Bh4 Qe2 24. Re1 Nd5 25. Qc1 Qd3 26. Ne5 Rxe5 27. Rxe5 c3 28. bxc3
dxc3 29. Nxc3 Nxc3 30. Bxb7 Rb8 31. Qf4 f6 32. Qxf6 1-0

[Event "ch-USA 2013"]
[Site "Saint Louis USA"]
[Date "2013.05.05"]
[Round "3"]
[White "Bryant, John Daniel"]
[Black "Kaidanov, Gregory S"]
[Result "1-0"]
[WhiteElo "2442"]
[BlackElo "2593"]
[PlyCount "59"]
[EventDate "2013.05.03"]

1. e4 e5 2. Nf3 Nc6 3. Bb5 a6 4. Ba4 Nf6 5. O-O Be7 6. Re1 b5 7. Bb3 O-O 8. c3
d5 9. exd5 Nxd5 10. Nxe5 Nxe5 11. Rxe5 c6 12. d4 Bd6 13. Re1 Qh4 14. g3 Qh3 15.
Re4 Qf5 16. Nd2 Qg6 17. Re1 Bf5 18. Nf3 Bg4 19. Nh4 Qh5 20. Qd3 f5 21. c4 bxc4
22. Qxc4 Rac8 23. Re6 Rfd8 24. Qxa6 f4 25. Rxd6 Rxd6 26. Bxf4 Rf6 27. Be5 Rf7
28. Rc1 Qh6 29. f4 Qe6 30. f5 1-0

[Event "ch-USA 2013"]
[Site "Saint Louis USA"]
[Date "2013.05.05"]
[Round "3"]
[White "Holt, Conrad"]
[Black "Ramirez, Alejandro"]
[Result "1-0"]
[WhiteElo "2513"]
[BlackElo "2551"]
[PlyCount "99"]
[EventDate "2013.05.03"]

1. d4 Nf6 2. c4 c5 3. d5 b5 4. cxb5 a6 5. bxa6 g6 6. Nc3 Bxa6 7. e4 Bxf1 8.
Kxf1 d6 9. g3 Bg7 10. Kg2 O-O 11. Nf3 Nbd7 12. Re1 Qb6 13. h3 Ne8 14. Qc2 Nc7
15. Bf4 Rfb8 16. Rab1 Qb7 17. Bg5 Ra6 18. b3 Qb4 19. Na4 Nb5 20. Qd3 Ra7 21.
Rbc1 Ne5 22. Nxe5 Bxe5 23. Be3 Qa3 24. Qd2 Nd4 25. Bxd4 Bxd4 26. Rc4 Rab7 27.
h4 Rb4 28. Rec1 h5 29. Qe2 Rxc4 30. Rxc4 Rb4 31. Rc2 Kg7 32. Qa6 Rb8 33. Qd3
Rb4 34. Qa6 Rb8 35. Qd3 Rb4 36. Qe2 Rb8 37. Nc3 Qa5 38. Nb1 Qa8 39. Nd2 f5 40.
Nf3 Bf6 41. e5 dxe5 42. Rxc5 Qa3 43. Qc2 e4 44. Ng5 Qb2 45. Ne6+ Kf7 46. Qc4 e3
47. d6 Qxf2+ 48. Kh3 Kg8 49. d7 e2 50. Ng5+ 1-0

[Event "ch-USA 2013"]
[Site "Saint Louis USA"]
[Date "2013.05.05"]
[Round "3"]
[White "Hess, Robert L"]
[Black "Norowitz, Yaacov"]
[Result "1/2-1/2"]
[WhiteElo "2595"]
[BlackElo "2451"]
[PlyCount "119"]
[EventDate "2013.05.03"]

1. e4 c6 2. d4 d5 3. Nc3 g6 4. h3 Bg7 5. Nf3 dxe4 6. Nxe4 Nd7 7. Bc4 Ngf6 8.
Qe2 O-O 9. O-O Qc7 10. Re1 e6 11. Nxf6+ Nxf6 12. Ne5 Nd5 13. Bb3 b5 14. c4 bxc4
15. Qxc4 Qa5 16. Bg5 Ba6 17. Qc2 Bb7 18. Rac1 Rac8 19. Bd2 Qd8 20. Qc5 Qb6 21.
Ba5 Qxc5 22. Rxc5 Nf4 23. Re4 Nd5 24. Ba4 Nb6 25. Bxc6 Na4 26. Bxb7 Rxc5 27.
dxc5 Nxc5 28. Nc6 Nxb7 29. Bc7 Ra8 30. Rb4 Nc5 31. Rb5 Bf8 32. Rb8 Rxb8 33.
Bxb8 a6 34. Kf1 Nd3 35. Be5 Bc5 36. f3 Kf8 37. Bc3 Ke8 38. Nb8 a5 39. Nc6 a4
40. Ne5 Nf4 41. Ng4 Be7 42. Bd4 Nd5 43. Ne3 Bf6 44. Nxd5 Bxd4 45. Nc7+ Kd8 46.
Nb5 Bxb2 47. Ke2 a3 48. Kd3 f5 49. Kc4 e5 50. Kb3 e4 51. fxe4 fxe4 52. Nd6 e3
53. Kc2 Ke7 54. Nc4 Kf6 55. Nxe3 Kg5 56. Nc4 Bd4 57. Kd3 Bc5 58. Ke4 Kh4 59.
Kf3 Kg5 60. Ke4 1/2-1/2

[Event "ch-USA 2013"]
[Site "Saint Louis USA"]
[Date "2013.05.05"]
[Round "3"]
[White "Arnold, Marc T"]
[Black "Sammour-Hasbun, Jorge E"]
[Result "0-1"]
[WhiteElo "2538"]
[BlackElo "2463"]
[PlyCount "72"]
[EventDate "2013.05.03"]

1. d4 Nf6 2. Nf3 g6 3. c4 Bg7 4. Nc3 d5 5. Bf4 O-O 6. Rc1 dxc4 7. e3 Be6 8. Be2
c6 9. Ne5 Nd5 10. Bg3 b5 11. e4 Nf6 12. a3 Qb6 13. f4 Na6 14. Bf2 Qb7 15. Bf3
Rad8 16. Qe2 Bc8 17. O-O Nd7 18. Nxd7 Bxd7 19. Rfd1 Nc7 20. Qe3 a5 21. Rd2 Na6
22. Rcd1 b4 23. axb4 axb4 24. Ne2 Qb5 25. d5 cxd5 26. Rxd5 Qa4 27. e5 Nc7 28.
R5d2 Ne6 29. Nd4 Rc8 30. Bd5 c3 31. Bb3 Qa6 32. Rc2 Nxd4 33. Qxd4 Bg4 34. Re1
Bf5 35. Rce2 c2 36. Bxc2 Bxc2 0-1

[Event "ch-USA 2013"]
[Site "Saint Louis USA"]
[Date "2013.05.06"]
[Round "4"]
[White "Shulman, Yury"]
[Black "Gareev, Timur"]
[Result "1/2-1/2"]
[WhiteElo "2570"]
[BlackElo "2674"]
[PlyCount "61"]
[EventDate "2013.05.03"]

1. d4 Nf6 2. c4 e6 3. Nc3 Bb4 4. e3 b6 5. Nge2 c5 6. a3 Ba5 7. Rb1 Na6 8. g3
Bb7 9. d5 b5 10. Bg2 bxc4 11. O-O O-O 12. e4 exd5 13. e5 Ng4 14. Bxd5 Bc6 15.
Bf4 Re8 16. Bxc6 dxc6 17. Qa4 Qb6 18. Qxc4 Nxe5 19. Bxe5 Rxe5 20. Rfd1 Qb7 21.
Nf4 Bb6 22. Nd3 Rf5 23. Re1 Rd8 24. Nf4 h6 25. Rbd1 Rd4 26. Ng6 Kh7 27. Nf8+
Kg8 28. Ng6 Kh7 29. Nf8+ Kh8 30. Ng6+ Kh7 31. Nf8+ 1/2-1/2

[Event "ch-USA 2013"]
[Site "Saint Louis USA"]
[Date "2013.05.06"]
[Round "4"]
[White "Kaidanov, Gregory S"]
[Black "Khachiyan, Melikset"]
[Result "1/2-1/2"]
[WhiteElo "2593"]
[BlackElo "2518"]
[PlyCount "63"]
[EventDate "2013.05.03"]

1. e4 e5 2. Nf3 Nc6 3. Bc4 Bc5 4. c3 Nf6 5. d3 d6 6. Bb3 O-O 7. O-O a6 8. h3 h6
9. Re1 Ba7 10. Nbd2 Re8 11. Nf1 Be6 12. Bc2 d5 13. exd5 Bxd5 14. Ng3 Qd7 15.
Be3 Bxe3 16. Rxe3 g6 17. Qe2 Qd6 18. a3 Nd7 19. Nd2 f5 20. f4 Qc5 21. Kh1 Bf7
22. fxe5 Rxe5 23. d4 Rxe3 24. Qxe3 Qf8 25. Qf4 Qd6 26. Qxd6 cxd6 27. Re1 d5 28.
h4 h5 29. Nf3 Nf6 30. Kg1 Ne4 31. Ne2 b5 32. Nf4 1/2-1/2

[Event "ch-USA 2013"]
[Site "Saint Louis USA"]
[Date "2013.05.06"]
[Round "4"]
[White "Troff, Kayden W"]
[Black "Ivanov, Alexander"]
[Result "1/2-1/2"]
[WhiteElo "2421"]
[BlackElo "2529"]
[PlyCount "78"]
[EventDate "2013.05.03"]

1. d4 d6 2. c4 e5 3. Nf3 e4 4. Ng5 f5 5. Nc3 Be7 6. Nh3 c6 7. g3 Nf6 8. Nf4 O-O
9. h4 Na6 10. Bh3 d5 11. cxd5 cxd5 12. Qb3 Nc7 13. Bd2 Kh8 14. Rc1 b6 15. Nb5
Nxb5 16. Qxb5 Bd7 17. Qb3 a5 18. a3 Bd6 19. Ng2 a4 20. Qe3 Rc8 21. O-O f4 22.
gxf4 Ng4 23. Qg3 Rxc1 24. Rxc1 Nh6 25. e3 Bxh3 26. Qxh3 Nf5 27. Rc6 Ne7 28. Rc1
Nf5 29. h5 Qe8 30. Bb4 Bxb4 31. axb4 Qe7 32. b5 h6 33. Rc2 Qb4 34. Nh4 Nxh4 35.
Qxh4 Qxb5 36. Qg4 Rg8 37. Rc8 Qxb2 38. Rxg8+ Kxg8 39. Qc8+ Kh7 1/2-1/2

[Event "ch-USA 2013"]
[Site "Saint Louis USA"]
[Date "2013.05.07"]
[Round "5"]
[White "Bryant, John Daniel"]
[Black "Holt, Conrad"]
[Result "1/2-1/2"]
[WhiteElo "2442"]
[BlackElo "2513"]
[PlyCount "148"]
[EventDate "2013.05.03"]

1. e4 e6 2. d3 d5 3. Nd2 Nf6 4. Ngf3 Bc5 5. c3 a5 6. Be2 O-O 7. O-O dxe4 8.
dxe4 Nc6 9. e5 Ng4 10. Ne4 Qxd1 11. Rxd1 Bb6 12. Bf4 f5 13. exf6 gxf6 14. Nfd2
e5 15. Bg3 Kg7 16. Nc4 Ba7 17. Ned2 Be6 18. a4 Rfd8 19. Nb3 Rxd1+ 20. Rxd1 f5
21. Bxg4 Bxc4 22. Nd2 Bd3 23. Bh3 Rd8 24. Nf3 f4 25. Bh4 Rd6 26. Ng5 Bc2 27.
Rxd6 cxd6 28. Bc8 Bxa4 29. Bxb7 Nd8 30. Bf3 Bb6 31. Ne4 Nb7 32. Be7 Bc7 33. Ng5
Nc5 34. Bd5 Bb3 35. c4 a4 36. Ne6+ Kf7 37. Bxd6 Bxd6 38. Nxc5+ Ke7 39. Ne4 Bb8
40. Bc6 Ba7 41. c5 Bc2 42. Nc3 a3 43. bxa3 Bxc5 44. a4 Bd4 45. Ne2 Bb6 46. Bb5
Kd6 47. Kf1 Kc5 48. Ng1 Be4 49. f3 Bc2 50. Nh3 Kd4 51. Ke2 Bd8 52. Nf2 h5 53.
Kd2 Bf5 54. Be8 h4 55. Bc6 Ba5+ 56. Ke2 Bc2 57. Bb5 Bb4 58. Nh3 Bf5 59. Ng5 Be7
60. Nf7 Be6 61. Nh6 e4 62. fxe4 Bg5 63. Nf5+ Kxe4 64. Nd6+ Kd5 65. Nc4 Bg4+ 66.
Kf2 Bf6 67. h3 Bd4+ 68. Kf1 Bd1 69. Nd2 Bc3 70. Nf3 Bxf3 71. gxf3 Kd4 72. Ke2
Ba5 73. Bd7 Bb4 74. Kd1 Ba5 1/2-1/2

[Event "ch-USA 2013"]
[Site "Saint Louis USA"]
[Date "2013.05.07"]
[Round "5"]
[White "Gareev, Timur"]
[Black "Shabalov, Alexander"]
[Result "1-0"]
[WhiteElo "2674"]
[BlackElo "2544"]
[PlyCount "81"]
[EventDate "2013.05.03"]

1. d4 e6 2. c4 Nf6 3. Nf3 c5 4. d5 exd5 5. cxd5 g6 6. Nc3 d6 7. Bf4 Bg7 8. Qa4+
Bd7 9. Qb3 b5 10. Bxd6 Qb6 11. Be5 O-O 12. e3 b4 13. Nb1 Bf5 14. Nbd2 Nbd7 15.
Bd3 Nxe5 16. Nxe5 Qd6 17. Ndc4 Qxd5 18. Bxf5 gxf5 19. O-O Rfd8 20. Rad1 Qe6 21.
Nd3 Qe7 22. Nf4 Bh6 23. Ne2 Qe6 24. Qc2 Rd5 25. Ng3 f4 26. exf4 Bxf4 27. Rde1
Qg4 28. Ne3 Bxe3 29. fxe3 Qe6 30. Qc4 Re5 31. Qh4 Ne8 32. Nh5 Qg6 33. Nf4 Qg5
34. Qf2 Ng7 35. e4 Rc8 36. Re3 Kh8 37. Rg3 Qd8 38. Nd5 f6 39. Rh3 f5 40. Qf4
Qd6 41. Rh6 1-0

[Event "ch-USA 2013"]
[Site "Saint Louis USA"]
[Date "2013.05.07"]
[Round "5"]
[White "Stripunsky, Alexander"]
[Black "Sammour-Hasbun, Jorge E"]
[Result "1-0"]
[WhiteElo "2570"]
[BlackElo "2463"]
[PlyCount "39"]
[EventDate "2013.05.03"]

1. e4 e5 2. Nf3 Nc6 3. Bb5 Nf6 4. d3 Bc5 5. c3 O-O 6. Bg5 d6 7. Nbd2 h6 8. Bh4
a6 9. Ba4 b5 10. Bc2 Qe7 11. O-O Nd8 12. d4 Bb6 13. Re1 g5 14. Bg3 Nc6 15. Nf1
g4 16. Nh4 exd4 17. Nf5 Bxf5 18. exf5 Qd7 19. Bh4 Nh7 20. f6 1-0

[Event "ch-USA 2013"]
[Site "Saint Louis USA"]
[Date "2013.05.07"]
[Round "5"]
[White "Hess, Robert L"]
[Black "Arnold, Marc T"]
[Result "1-0"]
[WhiteElo "2595"]
[BlackElo "2538"]
[PlyCount "91"]
[EventDate "2013.05.03"]

1. c4 Nf6 2. Nc3 c5 3. Nf3 e6 4. d4 cxd4 5. Nxd4 Bb4 6. Ndb5 a6 7. Nd6+ Ke7 8.
Nxc8+ Qxc8 9. Qb3 Nc6 10. Bd2 Rd8 11. g3 Bc5 12. Bg2 Qc7 13. O-O d6 14. Qd1 h6
15. Rc1 Qd7 16. Na4 Rac8 17. b4 Ba7 18. b5 Ne5 19. Ba5 Re8 20. b6 Bb8 21. c5 d5
22. f4 Nc6 23. Bd2 Red8 24. Nb2 Ne4 25. Be1 f5 26. g4 Rg8 27. gxf5 exf5 28. Nd3
g5 29. e3 Rg6 30. Nb4 Nxb4 31. Bxb4 Qc6 32. Kh1 gxf4 33. exf4 Rcg8 34. Rc2 Kf7
35. Qh5 Ke6 36. Bh3 Rf6 37. Rg2 d4 38. Be1 Qe8 39. Qf3 Kf7 40. Rfg1 Rxg2 41.
Qxg2 Bxf4 42. Bxf5 Ng5 43. Qxb7+ Kf8 44. Qc8 Qxc8 45. Bxc8 Nf3 46. Bg3 1-0

[Event "ch-USA 2013"]
[Site "Saint Louis USA"]
[Date "2013.05.09"]
[Round "6"]
[White "Bryant, John Daniel"]
[Black "Gareev, Timur"]
[Result "1/2-1/2"]
[WhiteElo "2442"]
[BlackElo "2674"]
[PlyCount "75"]
[EventDate "2013.05.03"]

1. e4 g6 2. d4 Bg7 3. c4 d6 4. Nc3 e5 5. Nf3 Nc6 6. Bg5 f6 7. Be3 Nh6 8. h3 Nf7
9. g4 O-O 10. d5 Ne7 11. Bd3 Bh6 12. Bxh6 Nxh6 13. Qd2 Nf7 14. O-O-O c5 15.
Rdg1 g5 16. h4 Ng6 17. Rh2 h6 18. Ne2 a6 19. hxg5 hxg5 20. Ne1 Kg7 21. f3 Rh8
22. Ng3 Bd7 23. Nc2 Rxh2 24. Qxh2 Nf4 25. Bf1 Qa5 26. a3 Rh8 27. Qd2 Qxd2+ 28.
Kxd2 Rh2+ 29. Be2 Nh8 30. Ne3 Nhg6 31. Rh1 Rxh1 32. Nxh1 Kf7 33. Ng3 Ke7 34.
Bd1 Nh4 35. Nef5+ Nxf5 36. exf5 b5 37. b3 a5 38. a4 1/2-1/2

[Event "ch-USA 2013"]
[Site "Saint Louis USA"]
[Date "2013.05.09"]
[Round "6"]
[White "Christiansen, Larry M"]
[Black "Holt, Conrad"]
[Result "0-1"]
[WhiteElo "2579"]
[BlackElo "2513"]
[PlyCount "104"]
[EventDate "2013.05.03"]

1. e4 e6 2. d3 d5 3. Nd2 c5 4. Ngf3 Nc6 5. g3 Bd6 6. Bg2 Nge7 7. O-O O-O 8. Nh4
f6 9. c3 b5 10. exd5 exd5 11. Re1 Ne5 12. Ndf3 Nf7 13. Bh1 Bg4 14. Ng2 Nf5 15.
Ne3 Nxe3 16. Bxe3 Qd7 17. Qd2 Rfe8 18. Bf4 Be7 19. h4 Rad8 20. d4 c4 21. Nh2
Bf5 22. Re3 Bf8 23. Rae1 Rxe3 24. Rxe3 a5 25. a3 h6 26. h5 Ng5 27. Bxg5 hxg5
28. Re1 b4 29. axb4 axb4 30. Bf3 b3 31. Ra1 Re8 32. Nf1 Be4 33. Bxe4 Rxe4 34.
Ne3 Bd6 35. h6 gxh6 36. Nxd5 Qe6 37. Ne3 Bxg3 38. Qe2 Bd6 39. Qh5 f5 40. Ra8+
Kg7 41. Ra7+ Kg8 42. Ra8+ Bf8 43. Qf3 Qc6 44. Ra7 Bc5 45. d5 Qe8 46. Rc7 Rf4
47. Qh3 Bxe3 48. Qxe3 Re4 49. Qf3 Qe5 50. d6 Qxd6 51. Rc8+ Kg7 52. Qxf5 Qd1+
0-1

[Event "ch-USA 2013"]
[Site "Saint Louis USA"]
[Date "2013.05.09"]
[Round "6"]
[White "Kaidanov, Gregory S"]
[Black "Stripunsky, Alexander"]
[Result "1/2-1/2"]
[WhiteElo "2593"]
[BlackElo "2570"]
[PlyCount "97"]
[EventDate "2013.05.03"]

1. d4 d6 2. e4 g6 3. c4 Bg7 4. Nc3 e5 5. Nge2 Nc6 6. Be3 exd4 7. Nxd4 Nge7 8.
Be2 O-O 9. O-O f5 10. Nxc6 bxc6 11. Qd2 Be6 12. Rad1 Qe8 13. c5 d5 14. exd5
Nxd5 15. Bd4 Qf7 16. Bf3 Rad8 17. Ne2 Ne7 18. Qa5 Bd5 19. Bxg7 Kxg7 20. Qxc7
Rc8 21. Qe5+ Qf6 22. Qxf6+ Kxf6 23. Bxd5 Nxd5 24. Nd4 Rfd8 25. Rfe1 Kf7 26. g3
a5 27. Kg2 Nb4 28. Nf3 Kf6 29. Rd6+ Rxd6 30. cxd6 Rd8 31. Re7 h6 32. Rh7 Rxd6
33. Rxh6 Nxa2 34. Nh4 Kg5 35. Rh7 Nb4 36. Nf3+ Kf6 37. h4 Re6 38. Ra7 Re2 39.
Ng5 Rxb2 40. Nh7+ Ke5 41. Rxa5+ Kd4 42. h5 gxh5 43. Rxf5 c5 44. Ng5 Nd3 45.
Ne6+ Ke4 46. Nxc5+ Kxf5 47. Nxd3 Rd2 48. Ne1 Ra2 49. Nf3 1/2-1/2

[Event "ch-USA 2013"]
[Site "Saint Louis USA"]
[Date "2013.05.09"]
[Round "6"]
[White "Shabalov, Alexander"]
[Black "Hess, Robert L"]
[Result "1-0"]
[WhiteElo "2544"]
[BlackElo "2595"]
[PlyCount "73"]
[EventDate "2013.05.03"]

1. d4 d5 2. c4 e6 3. Nf3 c6 4. g3 dxc4 5. Bg2 Nf6 6. O-O Nbd7 7. a4 Bb4 8. Qc2
O-O 9. Na3 a5 10. Nxc4 h6 11. Rd1 Ra6 12. e4 Qe7 13. Bf4 b5 14. Nce5 Bb7 15.
Nd3 bxa4 16. Rxa4 c5 17. dxc5 Bxc5 18. Nfe5 Bb6 19. Nc4 Rc8 20. Qe2 Bc6 21. Ra3
Raa8 22. Nd6 Rd8 23. Rc3 Nb8 24. Rdc1 Bd7 25. Rb3 Ra6 26. Nc4 Ba7 27. Rb7 Rc8
28. Rc3 Qd8 29. Nde5 g5 30. Nxf7 Kxf7 31. Nd6+ Rxd6 32. Bxd6 Bd4 33. Rxc8 Qxc8
34. Rxb8 Qc1+ 35. Bf1 e5 36. Rf8+ Ke6 37. Ba3 1-0

[Event "ch-USA 2013"]
[Site "Saint Louis USA"]
[Date "2013.05.09"]
[Round "6"]
[White "Sammour-Hasbun, Jorge E"]
[Black "Ivanov, Alexander"]
[Result "1-0"]
[WhiteElo "2463"]
[BlackElo "2529"]
[PlyCount "45"]
[EventDate "2013.05.03"]

1. e4 e5 2. Nf3 Nc6 3. Bb5 Nf6 4. O-O Nxe4 5. Re1 Nd6 6. Nxe5 Be7 7. Bd3 Nxe5
8. Rxe5 O-O 9. Nc3 Bf6 10. Re3 g6 11. Qf3 Bg7 12. b3 Ne8 13. Ba3 d6 14. Rae1
Nf6 15. h3 Nd7 16. Nd5 Kh8 17. Re7 c6 18. Bxd6 cxd5 19. Rxf7 Re8 20. Be7 Qa5
21. Re6 Qxa2 22. Bf6 Nxf6 23. Qxf6 1-0

[Event "ch-USA 2013"]
[Site "Saint Louis USA"]
[Date "2013.05.11"]
[Round "8"]
[White "Troff, Kayden W"]
[Black "Bryant, John Daniel"]
[Result "1-0"]
[WhiteElo "2421"]
[BlackElo "2442"]
[PlyCount "89"]
[EventDate "2013.05.03"]

1. d4 Nf6 2. c4 c5 3. d5 e6 4. Nc3 exd5 5. cxd5 d6 6. g3 g6 7. Bg2 Bg7 8. Nf3
O-O 9. O-O Re8 10. Bf4 a6 11. a4 Ne4 12. Nxe4 Rxe4 13. Nd2 Rb4 14. a5 b5 15.
axb6 a5 16. Ra4 Ba6 17. Ne4 Rxb6 18. Bg5 f6 19. Bd2 Rxb2 20. Rxa5 Qb6 21. Bf3
f5 22. Ng5 Nd7 23. Ne6 Bf6 24. Qc1 Ne5 25. Bc3 Rb3 26. Bxe5 Bxe5 27. Ra4 Qb5
28. Ra2 Rc8 29. Qh6 Bb7 30. e4 Rxf3 31. Ng5 Qd7 32. Nxf3 Bg7 33. Qh3 Qe7 34.
Ra7 Ra8 35. Rxa8+ Bxa8 36. Rb1 Bb7 37. exf5 Bxd5 38. fxg6 hxg6 39. Qg4 Qf8 40.
Nh4 Qf6 41. Nxg6 Be6 42. Qh5 Qd8 43. Rb7 Bf7 44. Qf5 Bf6 45. Nh8 1-0

[Event "ch-USA 2013"]
[Site "Saint Louis USA"]
[Date "2013.05.11"]
[Round "8"]
[White "Sammour-Hasbun, Jorge E"]
[Black "Akobian, Varuzhan"]
[Result "0-1"]
[WhiteElo "2463"]
[BlackElo "2616"]
[PlyCount "76"]
[EventDate "2013.05.03"]

1. d4 Nf6 2. Nf3 e6 3. Bf4 c5 4. e3 b6 5. Nc3 cxd4 6. Nxd4 Bb4 7. Qf3 d5 8.
Ndb5 Na6 9. a3 Bxc3+ 10. Nxc3 O-O 11. Bg5 Nc5 12. O-O-O Bb7 13. Bxf6 Qxf6 14.
Qxf6 gxf6 15. b4 Na6 16. Bxa6 Bxa6 17. e4 Rac8 18. Kb2 dxe4 19. Nxe4 f5 20. Nd6
Rc7 21. Rd4 Kg7 22. Rhd1 Kf6 23. c4 h5 24. Kb3 Rg8 25. g3 Ke7 26. h3 Rh8 27. h4
Rg8 28. Re1 Kf6 29. a4 Bc8 30. Red1 e5 31. R4d2 Be6 32. b5 Ke7 33. Kb4 Rg4 34.
a5 f4 35. axb6 axb6 36. Ra1 fxg3 37. fxg3 Bxc4 38. Ra6 Bd5+ 0-1

[Event "ch-USA 2013"]
[Site "Saint Louis USA"]
[Date "2013.05.11"]
[Round "8"]
[White "Hess, Robert L"]
[Black "Stripunsky, Alexander"]
[Result "1-0"]
[WhiteElo "2595"]
[BlackElo "2570"]
[PlyCount "71"]
[EventDate "2013.05.03"]

1. e4 c6 2. d4 d5 3. Nc3 dxe4 4. Nxe4 Nf6 5. Nxf6+ gxf6 6. g3 Nd7 7. Bg2 Nb6 8.
b3 Bf5 9. c4 Qd7 10. a4 Rd8 11. a5 Nc8 12. a6 b6 13. Ne2 Bh3 14. Bxh3 Qxh3 15.
Nf4 Qd7 16. O-O Bg7 17. Qf3 O-O 18. d5 cxd5 19. Nxd5 f5 20. Ra2 e6 21. Nb4 Qd4
22. Qb7 Qc3 23. Nc6 Rd3 24. Ra3 Bd4 25. b4 Qxc4 26. Rxd3 Qxd3 27. Nxd4 Qxd4 28.
Bh6 Rd8 29. Rc1 Nd6 30. Qxa7 Ne4 31. Be3 Qxb4 32. Qxb6 Qxb6 33. Bxb6 Ra8 34. a7
Nf6 35. Bd4 Nd5 36. Rb1 1-0

[Event "ch-USA 2013"]
[Site "Saint Louis USA"]
[Date "2013.05.11"]
[Round "8"]
[White "Arnold, Marc T"]
[Black "Shulman, Yury"]
[Result "1/2-1/2"]
[WhiteElo "2538"]
[BlackElo "2570"]
[PlyCount "60"]
[EventDate "2013.05.03"]

1. e4 e6 2. d4 d5 3. Nc3 Bb4 4. exd5 exd5 5. Bd3 c6 6. h3 Nf6 7. Qf3 Qe7+ 8.
Nge2 Ne4 9. Bxe4 dxe4 10. Qg3 O-O 11. Bg5 f6 12. Bf4 Bf5 13. a3 Bxc3+ 14. Nxc3
Re8 15. O-O-O Nd7 16. Rhe1 Qf7 17. Rd2 Bg6 18. Rde2 f5 19. f3 exf3 20. Qxf3 Bh5
21. Rxe8+ Rxe8 22. Rxe8+ Qxe8 23. Qf2 Nf6 24. Be5 Ne4 25. Qxf5 Nxc3 26. bxc3
Bg6 27. Qf3 Qf8 28. Qxf8+ Kxf8 29. Kd2 h5 30. h4 Be4 1/2-1/2